000 00532nam a2200181Ia 4500
008 090124s9999 xx 000 0 und d
082 _b21957
_a2433
100 _aपार्थसारथी इंदिरा
245 _a औरंगजेब
250 _a1
260 _c1977
300 _a80
600 _aपार्थसारथी इंदिरा
630 _a औरंगजेब
700 _aपार्थसारथी इंदिरा
730 _a औरंगजेब
942 _cBOOK
999 _c135604
_d135604